书目信息 |
| 题名: |
联邦党人文集
|
|
| 作者: | 汉密尔顿 , 杰伊 , 麦迪逊 著 ;程逢如 译 | |
| 分册: | ||
| 出版信息: | 北京 商务印书馆 1980.06 |
|
| 页数: | 472页 | |
| 开本: | 21cm | |
| 丛书名: | ||
| 单 册: | ||
| 中图分类: | D971.2 | |
| 科图分类: | ||
| 主题词: | 法律 | |
| 电子资源: | ||
| ISBN: | ||
| 000 | 00818nam0 2200241 45 | |
| 001 | 0404251395 | |
| 005 | 20060728163844.31 | |
| 010 | @dCNY1.45 | |
| 091 | @a3017.275 | |
| 100 | @a20040425d1980 km y0chiy0120 ea | |
| 101 | 0 | @achi@ceng |
| 200 | 1 | @a联邦党人文集@ALian Bang Dang Ren Wen Ji@e关于美国宪法的论述@EGuan Yu Mei Guo Xian Fa De Lun Shu@f(美)汉密尔顿,杰伊,麦迪逊著@F(Mei)Han Mi Er Dun,Jie Yi,Mai Di Xun Zhu@g程逢如等译 |
| 210 | @a北京@c商务印书馆@d1980.06 | |
| 215 | @a472页@d21cm | |
| 517 | @a关于美国宪法的论述@AGuan Yu Mei Guo Xian Fa De Lun Shu | |
| 606 | 0 | @a法律 |
| 690 | @aD971.2@v3 | |
| 701 | 0 | @a汉密尔顿@Ahan mi er dun@4著 |
| 701 | 0 | @a杰伊@Ajie yi@4著 |
| 701 | 0 | @a麦迪逊@Amai di xun@4著 |
| 702 | 0 | @a程逢如@ACheng Feng Ru@4译 |
| 801 | @aCN@bTSTCL@c20060728 | |
| 905 | @f1@b32898@dD971.2@e2 | |
| 联邦党人文集:关于美国宪法的论述/(美)汉密尔顿,杰伊,麦迪逊著/程逢如等译.-北京:商务印书馆,1980.06 |
| 472页;21cm |
| ISBN :CNY1.45 |
| ● |
| 相关链接 |
|
|
|
|
正题名:联邦党人文集
索取号:D971.2/2
 
预约/预借
| 序号 | 登录号 | 条形码 | 馆藏地/架位号 | 状态 | 备注 |
| 1 | 0032897 | 001257981 | 第一样本阅览室/ [索取号:D971.2/2] | 在馆 | |
| 2 | 0032898 | 001257963 | 第一借阅区/ [索取号:D971.2/2] | 在馆 | |
| 3 | 0032899 | 202302720 | 密集书库/ [索取号:D971.2/2] | 在馆 | |
| 4 | 0440538 | 204405385 | 密集书库/ [索取号:D971.2/2] | 在馆 | |
| 5 | 0440539 | 204405394 | 密集书库/ [索取号:D971.2/2] | 在馆 |